000 00273nam a2200121Ia 4500
008 190216s9999||||xx |||||||||||||| ||und||
100 _aErnest Dale
245 0 _aManagement Theory And Practice
260 _bNull
_c1965
300 _a656p
650 _aCommerce
942 _cBK
999 _c4577
_d4577